000 01712nam2a2200277 4500
001 RU\NLR\BIBL_A\012919620
005 20250624224846.0
010 _a978-5-6048408-2-5
_bт. 2
021 _aRU
_b2022-58911
_9КН-П-5111
035 _a(RuMoRGB)011193790
035 _a(NLR Aleph) 012919620
090 _a12640262
_c12640262
100 _a20221025d2022 |||y0rusy50 ca
101 0 _arus
102 _aRU
105 _ay|||eg||000zy
200 1 _aП - Я
210 _d2022
_aБ. м.
215 _a715, [1] с.
320 _aБиблиогр.: с. 714-715
461 0 _1001RU\NLR\BIBL_A\012918480
_12001#$aБольшой универсальный словарь русского языка$eоколо 30000 наиболее употребительных слов всех частей речи$eв 2 т.$fВ. В. Морковкин, Г. Ф. Богачёва, Н. М. Луцкая$gпод редакцией профессора В. В. Морковкина$gГосударственный институт русского языка им. А. С. Пушкина$g[Грамота]$vТ. 2
_1700#1$aМорковкин$bВ. В.$f1940-$gВалерий Вениаминович$3RU\NLR\AUTH\7725692
_912636921
_aМорковкин, В. В. (1940-)
_cМосква
_d2022
_fВ. В. Морковкин, Г. Ф. Богачёва, Н. М. Луцкая
_nГрамота
_oоколо 30000 наиболее употребительных слов всех частей речи : в 2 т.
_tБольшой универсальный словарь русского языка
_y9785604840801
_vТ. 2
942 _cBOOK
980 _aNB